Sistemas de información contable i /
Guardado en:
| Autor Principal: | |
|---|---|
| Otros Autores: | |
| Formato: | Libro |
| Publicado: |
Buenos Aires :
Macchi,
2001
|
| Materias: | |
| Etiquetas: |
Agregar Etiqueta
Sin Etiquetas, Sea el primero en etiquetar este registro!
|
| LEADER | 00981nam a22002055a 4500 | ||
|---|---|---|---|
| 001 | CEM.cems011230 | ||
| 005 | 20101029121210.0 | ||
| 008 | 130507s2001##################000#0#####d | ||
| 003 | CEMS | ||
| 020 | |a 9505375360 | ||
| 082 | 0 | 4 | |a 657 |
| 100 | 1 | |a Barroso De Vega, Alicia | |
| 245 | 1 | 0 | |a Sistemas de información contable i / |c Alicia Barroso de Vega, Eduardo Luis Tasca |
| 260 | |a Buenos Aires : |b Macchi, |c 2001 | ||
| 300 | |a 366 p. | ||
| 505 | 0 | |a La información -- Características de la información -- Condiciones de la información -- Flujo de la información -- El uso de la información -- Sistema de información -- Sistema contable -- El patrimonio -- Movilidad patrimonial -- La documentación -- Las cuentas y los registros -- Compra de bienes -- Venta de bienes -- Cobros y pagos | |
| 653 | |a Contabilidad | ||
| 700 | 1 | |a Tasca, Eduardo Luis | |
| 859 | |a CEMS |b BIB. CEMS - 11 de abril |h 657 |i B278-1 |p 22112.03 |t Ej.1 | ||
| 859 | |a CEMS |b BIB. CEMS - 11 de abril |h 657 |i B278-1 |p 23543.06 |t Ej.2 | ||
